ရှေးခေတ်မြန်မာ့တပ်မတော်မှတ်စုများ / (Record no. 27234)

000 -LEADER
fixed length control field 01092nam a22001937a 4500
005 - DATE AND TIME OF LATEST TRANSACTION
control field 20260127144359.0
008 - FIXED-LENGTH DATA ELEMENTS--GENERAL INFORMATION
fixed length control field 230714b ||||| |||| 00| 0 eng d
040 ## - CATALOGING SOURCE
Transcribing agency SSBUL
Modifying agency SSBUL
082 ## - DEWEY DECIMAL CLASSIFICATION NUMBER
Edition number 23
Classification number ၃၅၅.၀၀၉၅၉၁ ဘုန်း ၁၆၀၀၄ (S-SAT)
100 ## - MAIN ENTRY--PERSONAL NAME
Personal name ဘုန်းကျော်၊
Titles and words associated with a name နတ်မောက်။
9 (RLIN) 17722
245 ## - TITLE STATEMENT
Title ရှေးခေတ်မြန်မာ့တပ်မတော်မှတ်စုများ /
Statement of responsibility, etc. နတ်မောက် ဘုန်းကျော်။
260 ## - PUBLICATION, DISTRIBUTION, ETC.
Place of publication, distribution, etc. ရန်ကုန်၊
Name of publisher, distributor, etc. စာပေဗိမာန်၊
Date of publication, distribution, etc. ၁၉၆၇။
300 ## - PHYSICAL DESCRIPTION
Extent ၁၄၉ စာမျက်နှာ၊
Dimensions ၁၈ စင်တီ။
440 ## - SERIES STATEMENT/ADDED ENTRY--TITLE
Title စာပေဗိမာန်ထုတ်ပြည်သူ့လက်စွဲစာစဉ်။
9 (RLIN) 27757
500 ## - GENERAL NOTE
General note S-SAT: Dr. Prof Sai Aung Tun
504 ## - BIBLIOGRAPHY, ETC. NOTE
Linkage ကျမ်းကိုးစာရင်းပါရှိသည်။
651 ## - SUBJECT ADDED ENTRY--GEOGRAPHIC NAME
Geographic name မြန်မာနိုင်ငံ
General subdivision တပ်မတော်သမိုင်း။
9 (RLIN) 28032
942 ## - ADDED ENTRY ELEMENTS (KOHA)
Source of classification or shelving scheme
Koha item type Book (Short term)
Holdings
Withdrawn status Lost status Source of classification or shelving scheme Damaged status Not for loan Collection code Permanent Location Current Location Shelving location Date acquired Total Checkouts Full call number Barcode Date last seen Price effective from Koha item type Accession
          Special Collections Shan State Buddhist University Library Shan State Buddhist University Library Special Collection Shelves 14/07/2023   ၃၅၅.၀၀၉၅၉၁ ဘုန်း ၁၆၀၀၄ (S-SAT) MB00016004 14/07/2023 14/07/2023 Book (Short term) ၁၆၀၀၄ (S-SAT)

Library - 09407999929
Admin Office - 09407999979
Dean Office - 09250910768
Registrar Office - 09892297154
Email - [email protected]
Shan State Buddhist University, Phaya Phyu Taunggyi, Shan State, Myanmar.